When The Beat Drops Out - Marlon Roudette - All Lyrics - Statistics

General Stats
  • This quiz has been taken 10 times
  • The average score is 346 of 390
Answer Stats
Answer % Correct
A
100%
a
100%
an
100%
and
100%
And
100%
be
100%
beat
100%
drops
100%
for
100%
go
100%
I
100%
I,
100%
me
100%
me?)
100%
out
100%
out)
100%
still
100%
the
100%
there,
100%
there
100%
When
100%
when
100%
(When
100%
Will
100%
will
100%
(Will
100%
you
100%
you,
100%
gone
89%
in
89%
it
89%
mean
89%
people
89%
to
89%
your
89%
you're
89%
all
78%
always
78%
but,
78%
come
78%
come)
78%
didn't
78%
don't
78%
fall
78%
feeling's
78%
just
78%
know
78%
lights
78%
love
78%
that
78%
us
78%
we
78%
after
67%
great
67%
hands
67%
heart
67%
make
67%
making
67%
morning
67%
of
67%
rhythm
67%
shaking
67%
time
67%
times
67%
wanna
67%
Was
67%
was
67%
Baseline,
56%
can't
56%
child
56%
collided
56%
created
56%
Flying
56%
found
56%
happens
56%
high
56%
Last
56%
Life
56%
plans
56%
song
56%
With
56%
write
56%
alternative
44%
live
44%
new
44%
running,
44%
see
44%
thing
44%
thinking
44%
way
44%
started,
33%
stop
33%
Now
22%
No matching quizzes found
Score Distribution
Percent of People with Each Score
Percentile by Number Answered
Your Score History
You have not taken this quiz